Architectural surfaces : (Record no. 5834)
[ view plain ]
| 000 -LEADER | |
|---|---|
| fixed length control field | 01858cam a22004214a 4500 |
| 001 - CONTROL NUMBER | |
| control field | 13949738 |
| 005 - DATE AND TIME OF LATEST TRANSACTION | |
| control field | 20260427135137.0 |
| 008 - FIXED-LENGTH DATA ELEMENTS--GENERAL INFORMATION | |
| fixed length control field | 050503s2005 nyua bc 001 0 eng |
| 035 ## - SYSTEM CONTROL NUMBER | |
| System control number | 13949738 |
| 010 ## - LIBRARY OF CONGRESS CONTROL NUMBER | |
| LC control number | 2005048800 |
| 020 ## - INTERNATIONAL STANDARD BOOK NUMBER | |
| International Standard Book Number | 0393730794 |
| 020 ## - INTERNATIONAL STANDARD BOOK NUMBER | |
| International Standard Book Number | 0393107280 |
| Qualifying information | CD-ROM |
| 020 ## - INTERNATIONAL STANDARD BOOK NUMBER | |
| International Standard Book Number | 9780393730791 |
| 020 ## - INTERNATIONAL STANDARD BOOK NUMBER | |
| International Standard Book Number | 9780393107289 |
| Qualifying information | (CD-ROM) |
| 035 ## - SYSTEM CONTROL NUMBER | |
| System control number | (OCoLC)60323260 |
| 040 ## - CATALOGING SOURCE | |
| Original cataloging agency | DLC |
| Transcribing agency | DLC |
| Modifying agency | BAKER |
| -- | C#P |
| -- | PUL |
| -- | DLC |
| 042 ## - AUTHENTICATION CODE | |
| Authentication code | pcc |
| 050 00 - LIBRARY OF CONGRESS CALL NUMBER | |
| Classification number | NA2840 |
| Item number | .J97 2005 |
| 082 00 - DEWEY DECIMAL CLASSIFICATION NUMBER | |
| Classification number | 721 |
| Edition number | 22 |
| 100 1# - MAIN ENTRY--PERSONAL NAME | |
| Personal name | Juracek, Judy A. |
| 9 (RLIN) | 15755 |
| 245 10 - TITLE STATEMENT | |
| Title | Architectural surfaces : |
| Remainder of title | details for artists, architects, and designers / |
| Statement of responsibility, etc. | Judy A. Juracek, Peter Pennoyer, architectural consultant. |
| 250 ## - EDITION STATEMENT | |
| Edition statement | 1st ed. |
| 260 ## - PUBLICATION, DISTRIBUTION, ETC. | |
| Place of publication, distribution, etc. | New York : |
| Name of publisher, distributor, etc. | W.W. Norton, |
| Date of publication, distribution, etc. | c2005. |
| 300 ## - PHYSICAL DESCRIPTION | |
| Extent | 352 p. : |
| Other physical details | col. ill. ; |
| Dimensions | 29 cm. + |
| Accompanying material | 1 CD-ROM (4 3/4 in.) |
| 336 ## - CONTENT TYPE | |
| Content type term | text |
| Content type code | txt |
| Source | rdacontent |
| 337 ## - MEDIA TYPE | |
| Media type term | unmediated |
| Media type code | n |
| Source | rdamedia |
| 338 ## - CARRIER TYPE | |
| Carrier type term | volume |
| Carrier type code | nc |
| Source | rdacarrier |
| 504 ## - BIBLIOGRAPHY, ETC. NOTE | |
| Bibliography, etc. note | Includes bibliographical references (p. 343) and index. |
| 538 ## - SYSTEM DETAILS NOTE | |
| System details note | System requirements: Macintosh or Windows. |
| 650 #0 - SUBJECT ADDED ENTRY--TOPICAL TERM | |
| Topical term or geographic name entry element | Architecture |
| General subdivision | Details |
| Form subdivision | Catalogs. |
| 9 (RLIN) | 15756 |
| 655 #7 - INDEX TERM--GENRE/FORM | |
| Genre/form data or focus term | Catalogs. |
| Source of term | lcgft |
| Authority record control number or standard number | https://id.loc.gov/authorities/genreForms/gf2014026057 |
| 9 (RLIN) | 12662 |
| 700 1# - ADDED ENTRY--PERSONAL NAME | |
| Personal name | Pennoyer, Peter. |
| 9 (RLIN) | 15757 |
| 906 ## - LOCAL DATA ELEMENT F, LDF (RLIN) | |
| a | 7 |
| b | cbc |
| c | orignew |
| d | 1 |
| e | ocip |
| f | 20 |
| g | y-gencatlg |
| 925 0# - | |
| -- | acquire |
| -- | 2 shelf copies |
| -- | policy default |
| 955 ## - COPY-LEVEL INFORMATION (RLIN) | |
| -- | jh12 2005-05-04 to SL |
| -- | jh12 2005-05-04 to Dewey |
| -- | pv15 2006-03-16 Z-CipVer |
| 991 ## - | |
| -- | r-MRR |
| -- | NA2840 |
| -- | .J97 2005 |
| -- | Copy 1 |
| -- | Alc |
| -- | GenBib |
| 999 ff - SYSTEM CONTROL NUMBERS (KOHA) | |
| -- | ab363d84-e3bb-5b1c-aa83-68919d60faf0 |
| -- | 98edd637-6112-4242-8632-c8f8486a4e24 |
No items available.
